[Event "4NCL Division 1 & 2"]
[Site "Daventry, ENG"]
[Date "2022.04.30"]
[Round "7.46"]
[White "Sowray, Peter J"]
[Black "Shaw, Peter"]
[Result "1-0"]
[WhiteElo "2243"]
[BlackElo "2088"]
[PlyCount "69"]
[EventDate "2022.04.30"]
[WhiteTeam "Barbican 4NCL"]
[BlackTeam "Chessable White Rose 2"]

1. d4 f5 2. c4 e6 3. Nf3 Nf6 4. g3 Be7 5. Bg2 O-O 6. O-O d6 7. Nc3 Ne4 8. Nxe4
fxe4 9. Ne1 d5 10. Be3 b6 11. f3 exf3 12. Nxf3 Bb7 13. Bh3 Qc8 14. Qc2 dxc4 15.
Ng5 Rxf1+ 16. Rxf1 Bxg5 17. Bxg5 Qd7 18. Qxc4 Bd5 19. Qd3 Qe8 20. e4 Bb7 21.
Qc4 h6 22. Qxe6+ Qxe6 23. Bxe6+ Kh7 24. Bf4 Bxe4 25. Re1 Bg6 26. Bxc7 Nc6 27.
d5 Nd4 28. Bg4 h5 29. Bd1 Rf8 30. d6 Be8 31. Rxe8 Rxe8 32. d7 Re1+ 33. Kf2 Rxd1
34. d8=Q Rd2+ 35. Ke3 1-0

[Event "4NCL Division 1 & 2"]
[Site "Daventry, ENG"]
[Date "2022.04.30"]
[Round "7.47"]
[White "Heritage, Jamie"]
[Black "Bhatia, Kanwal K"]
[Result "1/2-1/2"]
[WhiteElo "2142"]
[BlackElo "2018"]
[PlyCount "83"]
[EventDate "2022.04.30"]
[WhiteTeam "Chessable White Rose 2"]
[BlackTeam "Barbican 4NCL"]

1. e4 e5 2. Nf3 Nc6 3. Bb5 a6 4. Ba4 Nf6 5. d3 b5 6. Bb3 Be7 7. O-O d6 8. c3
O-O 9. Re1 Na5 10. Bc2 c5 11. Nbd2 Nc6 12. Nf1 Qc7 13. a3 d5 14. Ng3 dxe4 15.
dxe4 Rd8 16. Qe2 Be6 17. Ng5 Bc4 18. Qe3 Na5 19. b4 Nb3 20. Bxb3 Bxb3 21. Qf3
Rd7 22. Nf5 Bf8 23. Be3 Rad8 24. Qg3 g6 25. Bxc5 Bxc5 26. bxc5 Qxc5 27. Nh6+
Kg7 28. Nf5+ Kh8 29. Nh6 Nh5 30. Qh4 f6 31. Nh3 Qf8 32. Nf5 Qf7 33. Ne3 Be6 34.
g4 Nf4 35. a4 Rd2 36. axb5 axb5 37. Nxf4 exf4 38. Nd5 Bxd5 39. exd5 R2xd5 40.
Ra6 Kg7 41. Rxf6 Qxf6 42. Re7+ 1/2-1/2

[Event "4NCL Division 1 & 2"]
[Site "Daventry, ENG"]
[Date "2022.04.30"]
[Round "7.48"]
[White "Ratnesan, Radha"]
[Black "Arnott, Jonathan W"]
[Result "0-1"]
[WhiteElo "1655"]
[BlackElo "2130"]
[PlyCount "100"]
[EventDate "2022.04.30"]
[WhiteTeam "Barbican 4NCL"]
[BlackTeam "Chessable White Rose 2"]

1. d4 e6 2. c4 d5 3. Nc3 a6 4. e3 Nf6 5. Nf3 dxc4 6. Bxc4 c5 7. O-O cxd4 8.
Nxd4 Bd6 9. Bd2 Bxh2+ 10. Kxh2 Qc7+ 11. Kg1 Qxc4 12. Rc1 O-O 13. Na4 Qxa2 14.
Nb6 e5 15. Qb3 Qxb3 16. Nxb3 Be6 17. Nxa8 Bxb3 18. Nb6 Nc6 19. Rc3 Be6 20. f3
Rd8 21. Rf2 e4 22. Bc1 Rd1+ 23. Rf1 Rd6 24. Nc4 Rd8 25. Nd2 Nd5 26. Ra3 exf3
27. Nxf3 Ndb4 28. Bd2 Nc2 29. Rc3 Bf5 30. Rf2 f6 31. Nh4 Be4 32. Rc4 Bd3 33.
Rg4 Ne5 34. Rg3 Kf7 35. Bc3 Ng6 36. Nxg6 hxg6 37. Rd2 Rd5 38. Rg4 f5 39. Rf4
Ke6 40. Bxg7 g5 41. Rf3 g4 42. Rg3 Be4 43. Rxd5 Kxd5 44. Kf1 Kc4 45. Ke2 Nb4
46. Bc3 Nd5 47. Bd4 a5 48. Kd2 Kb3 49. Be5 a4 50. Bd6 Kxb2 0-1

[Event "4NCL Division 1 & 2"]
[Site "Daventry, ENG"]
[Date "2022.04.30"]
[Round "7.51"]
[White "McPhillips, Joseph"]
[Black "Merriman, John"]
[Result "1-0"]
[WhiteElo "2404"]
[BlackElo "2290"]
[PlyCount "73"]
[EventDate "2022.04.30"]
[WhiteTeam "Wood Green Youth"]
[BlackTeam "KJCA Kings"]

1. d4 Nf6 2. Qd3 c5 3. d5 d6 4. e4 g6 5. Ne2 Bg7 6. Ng3 O-O 7. Be2 e6 8. O-O
exd5 9. exd5 Re8 10. Nc3 Na6 11. Bf4 Nc7 12. Rfe1 a6 13. a4 Rb8 14. Bf3 b5 15.
Rxe8+ Nfxe8 16. axb5 axb5 17. Rb1 b4 18. Nce4 f5 19. Ng5 h6 20. Ne6 Nxe6 21.
dxe6 Bxe6 22. Qe3 Ba2 23. Ra1 Bf7 24. Bxh6 Bd4 25. Qd2 Qb6 26. c3 bxc3 27. bxc3
Be5 28. Bd5 Nc7 29. Bxf7+ Kxf7 30. Bf4 Bxf4 31. Qxf4 Ne6 32. Qd2 Rb7 33. Re1
Qc6 34. h4 Kf6 35. Qh6 f4 36. Nh5+ Kf5 37. Nxf4 1-0

[Event "4NCL Division 1 & 2"]
[Site "Daventry, ENG"]
[Date "2022.04.30"]
[Round "7.52"]
[White "Harakis, Alexis M"]
[Black "Hunt, Harriet V"]
[Result "1-0"]
[WhiteElo "2283"]
[BlackElo "2395"]
[PlyCount "76"]
[EventDate "2022.04.30"]
[WhiteTeam "KJCA Kings"]
[BlackTeam "Wood Green Youth"]

1. d4 Nf6 2. c4 e6 3. Bf4 Bb4+ 4. Nd2 c5 5. a3 Bxd2+ 6. Qxd2 Nc6 7. dxc5 Ne4 8.
Qd1 Qf6 9. g3 Qxb2 10. Bg2 Nxc5 11. Nf3 Ne4 12. O-O O-O 13. Qd3 f5 14. Rab1 Qf6
15. Nd2 Nxd2 16. Qxd2 b6 17. Rfc1 h6 18. c5 b5 19. Rxb5 e5 20. Qd5+ Kh8 21.
Bxe5 Nxe5 22. Qxa8 f4 23. Rb8 Qa6 24. gxf4 Nc6 25. Bxc6 dxc6 26. Rc2 Kh7 27.
Rcb2 Rd8 28. Kg2 Qxa3 29. R2b3 Qa6 30. Re3 Rf8 31. f5 Rd8 32. Re7 Qc4 33. f3
Qxc5 34. Qxa7 Qxf5 35. Rxg7+ Kh8 36. Rg4 Qe5 37. Qa2 Re8 38. Qd2 Qxe2+ 1-0

[Event "4NCL Division 1 & 2"]
[Site "Daventry, ENG"]
[Date "2022.04.30"]
[Round "7.53"]
[White "O'Donnell, Conor"]
[Black "Ratnesan, Ranesh"]
[Result "1/2-1/2"]
[WhiteElo "2294"]
[BlackElo "2268"]
[PlyCount "64"]
[EventDate "2022.04.30"]
[WhiteTeam "Wood Green Youth"]
[BlackTeam "KJCA Kings"]

1. d4 d5 2. c4 e6 3. Nc3 Nf6 4. cxd5 exd5 5. Bg5 c6 6. e3 Be7 7. Bd3 Nbd7 8.
Nf3 h6 9. Bf4 Nh5 10. Be5 Nxe5 11. dxe5 g6 12. Rg1 Ng7 13. g4 Qb6 14. Qc2 Be6
15. O-O-O O-O-O 16. Nd4 c5 17. Nxe6 Nxe6 18. Bxg6 fxg6 19. Nxd5 Rxd5 20. Rxd5
Nc7 21. Rd2 Qc6 22. Rgd1 Re8 23. Qd3 Na8 24. Qc4 Rf8 25. f4 Nb6 26. Qf1 Qe6 27.
b3 Qxg4 28. a4 Qe6 29. Qb5 Na8 30. Rd7 Nb6 31. R7d2 Na8 32. Rd7 Nb6 1/2-1/2

[Event "4NCL Division 1 & 2"]
[Site "Daventry, ENG"]
[Date "2022.04.30"]
[Round "7.54"]
[White "Skettos, Nicolas"]
[Black "Fitzsimons, David"]
[Result "0-1"]
[WhiteElo "1929"]
[BlackElo "2386"]
[PlyCount "126"]
[EventDate "2022.04.30"]
[WhiteTeam "KJCA Kings"]
[BlackTeam "Wood Green Youth"]

1. e4 c5 2. Nf3 d6 3. d4 cxd4 4. Nxd4 Nf6 5. Nc3 a6 6. Be3 e5 7. Nb3 Be7 8. h3
Be6 9. f4 b5 10. f5 Bc8 11. g4 Bb7 12. Bg2 b4 13. Nd5 Nxd5 14. exd5 Bg5 15.
Bxg5 Qxg5 16. Na5 Qe3+ 17. Qe2 Qb6 18. Nxb7 Qxb7 19. O-O Nd7 20. a3 a5 21. axb4
Qxb4 22. c3 Qb6+ 23. Kh1 O-O 24. g5 f6 25. g6 h6 26. Ra4 Rfb8 27. Rc4 Qa6 28.
Re4 Nc5 29. Qxa6 Rxa6 30. Re2 Na4 31. Ra1 Nxb2 32. Bf1 Raa8 33. Rb1 Na4 34.
Rxb8+ Rxb8 35. Ra2 Nxc3 36. Rxa5 Kf8 37. Ra7 Rb1 38. Rf7+ Ke8 39. Kg2 Nxd5 40.
Kf2 Rb2+ 41. Ke1 e4 42. Rxg7 Rb1+ 43. Kf2 e3+ 44. Ke2 Nc3+ 45. Kxe3 Rxf1 46.
Rg8+ Ke7 47. Rg7+ Kf8 48. Rf7+ Kg8 49. Kd4 Ne2+ 50. Kd5 Rxf5+ 51. Ke6 Rf3 52.
Kxd6 Rxh3 53. Rxf6 Kg7 54. Rf2 Re3 55. Rg2 Nf4 56. Rg1 Nxg6 57. Kd5 h5 58. Kd4
Re8 59. Kd3 h4 60. Kd2 Kh6 61. Kd1 Kh5 62. Kd2 h3 63. Rg3 Nf4 0-1

[Event "4NCL Division 1 & 2"]
[Site "Daventry, ENG"]
[Date "2022.04.30"]
[Round "7.55"]
[White "Haydon, David L"]
[Black "Bansal, Rohan"]
[Result "1-0"]
[WhiteElo "2282"]
[BlackElo "1957"]
[PlyCount "77"]
[EventDate "2022.04.30"]
[WhiteTeam "Wood Green Youth"]
[BlackTeam "KJCA Kings"]

1. e4 e6 2. d4 d5 3. Nd2 Nf6 4. e5 Nfd7 5. f4 c5 6. Ngf3 b6 7. c3 Be7 8. Bd3
Ba6 9. Bxa6 Nxa6 10. O-O Nc7 11. Rf2 O-O 12. Nf1 f5 13. exf6 Nxf6 14. Re2 Ne4
15. Ng3 Nxg3 16. hxg3 Qc8 17. Qd3 c4 18. Qc2 Ne8 19. Bd2 Nd6 20. Rae1 Ne4 21.
Rxe4 dxe4 22. Qxe4 Bf6 23. g4 g6 24. Qxe6+ Qxe6 25. Rxe6 Kf7 26. Re4 Rfe8 27.
Ne5+ Bxe5 28. dxe5 Rad8 29. Be3 Ke6 30. Rxc4 Rd1+ 31. Kf2 Rb1 32. b4 g5 33. g3
gxf4 34. gxf4 Rf8 35. Kf3 Rg8 36. Rc7 Rf1+ 37. Ke4 Rxg4 38. Rxh7 Rg3 39. f5+
1-0

[Event "4NCL Division 1 & 2"]
[Site "Daventry, ENG"]
[Date "2022.04.30"]
[Round "7.56"]
[White "Young, Daniel J"]
[Black "Horton, Jamie A"]
[Result "1/2-1/2"]
[WhiteElo "1948"]
[BlackElo "2251"]
[PlyCount "49"]
[EventDate "2022.04.30"]
[WhiteTeam "KJCA Kings"]
[BlackTeam "Wood Green Youth"]

1. Nf3 Nf6 2. c4 e6 3. g3 d5 4. Bg2 Be7 5. O-O O-O 6. b3 b6 7. Bb2 Bb7 8. e3
Nbd7 9. Nc3 c5 10. Qe2 Qc7 11. Rac1 Rac8 12. Rfd1 Rfd8 13. cxd5 Nxd5 14. Nxd5
Bxd5 15. d4 Qb7 16. Ne1 Bxg2 17. Nxg2 Bf6 18. dxc5 Bxb2 19. Qxb2 Nxc5 20. Nf4
Ne4 21. h4 h6 22. Rxc8 Qxc8 23. Rxd8+ Qxd8 24. Qc2 Nd2 25. Qc6 1/2-1/2

[Event "4NCL Division 1 & 2"]
[Site "Daventry, ENG"]
[Date "2022.04.30"]
[Round "7.57"]
[White "Sygnowski, Tomasz"]
[Black "Merriman, James"]
[Result "1-0"]
[WhiteElo "2119"]
[BlackElo "1913"]
[PlyCount "101"]
[EventDate "2022.04.30"]
[WhiteTeam "Wood Green Youth"]
[BlackTeam "KJCA Kings"]

1. e4 e6 2. d4 d5 3. exd5 exd5 4. Nf3 Bd6 5. Bd3 Nc6 6. O-O Nb4 7. Re1+ Ne7 8.
Bf1 Bf5 9. Na3 O-O 10. c3 Nbc6 11. Nb5 Ng6 12. Nxd6 Qxd6 13. Bd2 h6 14. g3 Rfe8
15. Qb3 Be4 16. Bg2 Na5 17. Qa4 Nc4 18. b3 b5 19. Qxb5 Na3 20. Qa4 Nc2 21. h4
Nxa1 22. Rxa1 Qf6 23. Re1 Re6 24. Re3 Ra6 25. Qd7 Qd6 26. Qxd6 cxd6 27. a4 Rb8
28. Bf1 Rc6 29. b4 Ne7 30. Nh2 Kf8 31. Re1 Bc2 32. Ra1 Bb3 33. Ng4 Bc4 34. Bh3
Ng8 35. Ne3 Nf6 36. f3 Ra6 37. Kf2 Bb5 38. a5 Rc6 39. g4 Rc7 40. g5 hxg5 41.
hxg5 Ne8 42. Nxd5 Rc6 43. Bd7 Rc4 44. Rh1 g6 45. Bg4 Kg7 46. Re1 Nc7 47. Ne3
Rc6 48. d5 Ra6 49. c4 Be8 50. Bc3+ Kf8 51. Bf6 1-0

[Event "4NCL Division 1 & 2"]
[Site "Daventry, ENG"]
[Date "2022.04.30"]
[Round "7.58"]
[White "Anilkumar, Anantha P"]
[Black "Larkin, Benjamin"]
[Result "1/2-1/2"]
[WhiteElo "1865"]
[BlackElo "2014"]
[PlyCount "74"]
[EventDate "2022.04.30"]
[WhiteTeam "KJCA Kings"]
[BlackTeam "Wood Green Youth"]

1. d4 Nf6 2. c4 g6 3. Nc3 d5 4. Nf3 Bg7 5. h4 dxc4 6. e4 c5 7. d5 b5 8. e5 Ng4
9. Nxb5 Qa5+ 10. Nc3 Nxe5 11. Nxe5 Bxe5 12. Qa4+ Qxa4 13. Nxa4 Na6 14. Bxc4 Rb8
15. a3 O-O 16. O-O Rd8 17. Re1 Bf6 18. Bg5 Bd7 19. Bxf6 exf6 20. Nc3 Nc7 21.
Ne4 Rxb2 22. d6 Ne8 23. Rad1 Ba4 24. Rd5 Bc6 25. d7 Rxd7 26. Rxd7 Bxd7 27. Nxc5
Nd6 28. Bb3 Nb7 29. Bxf7+ Kxf7 30. Nxd7 Rb3 31. Ra1 Ke7 32. Nb8 Rb6 33. Rc1 Kd6
34. Rd1+ Ke6 35. Re1+ Kd6 36. Rd1+ Ke6 37. Re1+ Kd6 1/2-1/2

[Event "4NCL Division 1 & 2"]
[Site "Daventry, ENG"]
[Date "2022.04.30"]
[Round "7.61"]
[White "Alsina Leal, Daniel"]
[Black "Cumming, Rhys"]
[Result "1-0"]
[WhiteElo "2509"]
[BlackElo "2373"]
[PlyCount "99"]
[EventDate "2022.04.30"]
[WhiteTeam "Chessable White Rose 1"]
[BlackTeam "Sussex Martlets 1"]

1. e4 e5 2. Nf3 Nc6 3. d4 exd4 4. Nxd4 Nf6 5. Nc3 Bb4 6. Nxc6 bxc6 7. Bd3 O-O
8. O-O d5 9. Bd2 Rb8 10. Re1 dxe4 11. Nxe4 Nxe4 12. Rxe4 Bxd2 13. Qxd2 Rxb2 14.
Qc3 Rb6 15. Re3 Re8 16. Rxe8+ Qxe8 17. Re1 Qf8 18. Qa5 a6 19. Qe5 Be6 20. a4
Qd6 21. f4 c5 22. a5 Rb8 23. f5 Bd7 24. Qxd6 cxd6 25. Bxa6 Kf8 26. Bd3 d5 27.
c4 Rb3 28. Bf1 Ra3 29. Re5 Rxa5 30. Rxd5 Ke7 31. f6+ gxf6 32. Rh5 Bg4 33. Rxh7
Ra1 34. Kf2 Ra2+ 35. Kg3 Bf5 36. Rh5 Ke6 37. h4 Rd2 38. Rh8 Ke5 39. h5 Be6 40.
h6 Rd4 41. Be2 Bf5 42. h7 Bxh7 43. Rxh7 Re4 44. Kf2 Rf4+ 45. Ke1 Ke6 46. Bh5
Re4+ 47. Kf2 Ke5 48. Bxf7 Kd4 49. Bd5 Rf4+ 50. Kg3 1-0

[Event "4NCL Division 1 & 2"]
[Site "Daventry, ENG"]
[Date "2022.04.30"]
[Round "7.62"]
[White "Graham, David B"]
[Black "Emms, John M"]
[Result "0-1"]
[WhiteElo "2115"]
[BlackElo "2478"]
[PlyCount "80"]
[EventDate "2022.04.30"]
[WhiteTeam "Sussex Martlets 1"]
[BlackTeam "Chessable White Rose 1"]

1. e4 c5 2. Nf3 Nc6 3. d4 cxd4 4. Nxd4 g6 5. Nc3 Bg7 6. Be3 Nf6 7. Bc4 O-O 8.
Bb3 Re8 9. O-O d6 10. h3 Na5 11. e5 dxe5 12. Ndb5 Nc6 13. Qf3 a6 14. Rad1 Bd7
15. Na3 Qc7 16. Nc4 Nd4 17. Bxd4 exd4 18. Rxd4 b5 19. Ne3 e6 20. Qg3 Qxg3 21.
fxg3 Nd5 22. Rxd5 exd5 23. Nexd5 Ra7 24. Nf6+ Bxf6 25. Rxf6 Be6 26. Bxe6 Rxe6
27. Rxe6 fxe6 28. Ne4 b4 29. Kf2 Rc7 30. c3 bxc3 31. Nxc3 Rb7 32. Na4 Kf7 33.
Ke2 e5 34. a3 a5 35. b4 axb4 36. axb4 Rxb4 37. Nc3 Ke6 38. Nd1 Kd5 39. g4 Kd4
40. Kf3 Rb3+ 0-1

[Event "4NCL Division 1 & 2"]
[Site "Daventry, ENG"]
[Date "2022.04.30"]
[Round "7.63"]
[White "Adair, James R"]
[Black "Grant, David J"]
[Result "1-0"]
[WhiteElo "2451"]
[BlackElo "2072"]
[PlyCount "69"]
[EventDate "2022.04.30"]
[WhiteTeam "Chessable White Rose 1"]
[BlackTeam "Sussex Martlets 1"]

1. d4 Nf6 2. c4 g6 3. g3 Bg7 4. Bg2 O-O 5. Nc3 d6 6. Nf3 Nc6 7. O-O a6 8. b3
Rb8 9. d5 Na5 10. Bd2 c5 11. dxc6 bxc6 12. c5 d5 13. Bf4 Rb7 14. Be5 Nd7 15.
Bxg7 Kxg7 16. e4 dxe4 17. Nxe4 Nf6 18. Qe1 Nxe4 19. Qxe4 Bf5 20. Qe1 Rd7 21. b4
Nc4 22. Qc3+ f6 23. Qxc4 Bd3 24. Qc1 Bxf1 25. Bxf1 a5 26. a3 axb4 27. axb4 e5
28. Qc2 Qb8 29. Qe4 Qc7 30. Ra6 Rd5 31. Bc4 Rd1+ 32. Kg2 Qb7 33. Qxc6 Qxb4 34.
Ra7+ Kh6 35. Qe4 1-0

[Event "4NCL Division 1 & 2"]
[Site "Daventry, ENG"]
[Date "2022.04.30"]
[Round "7.64"]
[White "Blake, J Morgan"]
[Black "Wells, Peter K"]
[Result "0-1"]
[WhiteElo "2113"]
[BlackElo "2374"]
[PlyCount "64"]
[EventDate "2022.04.30"]
[WhiteTeam "Sussex Martlets 1"]
[BlackTeam "Chessable White Rose 1"]

1. e4 e5 2. Nf3 Nc6 3. Bb5 a6 4. Ba4 Nf6 5. O-O Be7 6. Re1 b5 7. Bb3 d6 8. c3
O-O 9. h3 Nb8 10. d4 Nbd7 11. Nbd2 Bb7 12. Bc2 Re8 13. Nf1 Bf8 14. Ng3 g6 15.
a4 c5 16. d5 c4 17. Bg5 Nc5 18. Qd2 Be7 19. Bh6 Nfd7 20. Be3 Qc7 21. h4 h5 22.
Ng5 Nf6 23. f4 exf4 24. Bxf4 Ng4 25. Rf1 Bf6 26. axb5 axb5 27. Rxa8 Rxa8 28.
Bd1 Nb3 29. Bxb3 cxb3 30. Be3 b4 31. e5 Bxe5 32. N3e4 Qc4 0-1

[Event "4NCL Division 1 & 2"]
[Site "Daventry, ENG"]
[Date "2022.04.30"]
[Round "7.65"]
[White "Palliser, Richard J D"]
[Black "Kolani, Arjun"]
[Result "0-1"]
[WhiteElo "2414"]
[BlackElo "2113"]
[PlyCount "56"]
[EventDate "2022.04.30"]
[WhiteTeam "Chessable White Rose 1"]
[BlackTeam "Sussex Martlets 1"]

1. d4 Nf6 2. c4 g6 3. h4 Bg7 4. Nc3 d5 5. h5 Nxh5 6. cxd5 c6 7. e4 cxd5 8. e5
Bf8 9. Qb3 Nc6 10. Nf3 Ng7 11. Qxd5 Bg4 12. Qb5 Qd7 13. d5 Bxf3 14. gxf3 Nxe5
15. Qe2 f6 16. f4 Nf7 17. Ne4 O-O-O 18. Bg2 Nd6 19. Be3 Kb8 20. Nc5 Qb5 21. Qd2
Nc4 22. Bf1 Qxc5 23. Bxc4 Qxc4 24. Bxa7+ Ka8 25. Qa5 Rxd5 26. Bc5+ Qa6 27. Qc7
Qe6+ 28. Kf1 Qc6 0-1

[Event "4NCL Division 1 & 2"]
[Site "Daventry, ENG"]
[Date "2022.04.30"]
[Round "7.66"]
[White "Payne, Matthew J"]
[Black "Ashton, Adam G"]
[Result "1/2-1/2"]
[WhiteElo "2151"]
[BlackElo "2355"]
[PlyCount "83"]
[EventDate "2022.04.30"]
[WhiteTeam "Sussex Martlets 1"]
[BlackTeam "Chessable White Rose 1"]

1. e4 e5 2. Nf3 Nc6 3. d4 exd4 4. Nxd4 Bc5 5. Nxc6 bxc6 6. Bd3 Qh4 7. Qe2 Nf6
8. Be3 Bb6 9. Nd2 O-O 10. O-O Re8 11. Bxb6 axb6 12. f4 d6 13. Qf2 Qh5 14. b4
Bb7 15. Rfe1 c5 16. c3 cxb4 17. cxb4 Ra3 18. Qd4 Qh6 19. e5 dxe5 20. Rxe5 Raa8
21. Rxe8+ Rxe8 22. Rc1 Nd5 23. g3 Qd6 24. Be4 c6 25. Bxd5 cxd5 26. Nf3 Re4 27.
Re1 Qe7 28. Kf2 h6 29. Rxe4 dxe4 30. Ne5 Qe6 31. Qc4 Bd5 32. Qa6 Qh3 33. Kg1 e3
34. Qe2 f6 35. Ng4 Kh8 36. Nxe3 Qe6 37. Qd2 Bxa2 38. Qd8+ Kh7 39. Qd3+ Kh8 40.
Qd8+ Kh7 41. Qd3+ Kh8 42. Qd8+ 1/2-1/2

[Event "4NCL Division 1 & 2"]
[Site "Daventry, ENG"]
[Date "2022.04.30"]
[Round "7.67"]
[White "Chow, Samuel"]
[Black "Willson, Ollie"]
[Result "1-0"]
[WhiteElo "2399"]
[BlackElo "2112"]
[PlyCount "187"]
[EventDate "2022.04.30"]
[WhiteTeam "Chessable White Rose 1"]
[BlackTeam "Sussex Martlets 1"]

1. d4 Nf6 2. c4 e6 3. Nf3 Bb4+ 4. Bd2 a5 5. a3 Be7 6. Nc3 d5 7. Bf4 O-O 8. e3
b6 9. Nb5 Na6 10. Rc1 Bb7 11. Bd3 c6 12. Nc3 c5 13. cxd5 exd5 14. O-O Nc7 15.
Re1 Ne6 16. Be5 Bd6 17. Bb1 g6 18. Bxd6 Qxd6 19. dxc5 bxc5 20. e4 Qb6 21. exd5
Rad8 22. Ba2 Nf4 23. Na4 Qd6 24. Nxc5 Bxd5 25. Bxd5 Qxd5 26. Qxd5 Rxd5 27. b4
Nd3 28. Nxd3 Rxd3 29. bxa5 Ra8 30. Ne5 Rxa3 31. Nc4 Ra2 32. Ra1 Rc2 33. Ra4 Nd5
34. Kf1 Nc3 35. Raa1 Nd5 36. Rec1 Rxc1+ 37. Rxc1 Rb8 38. Rd1 Rb4 39. Ne5 Nc3
40. Ra1 Rb5 41. a6 Rxe5 42. a7 Re8 43. a8=Q Rxa8 44. Rxa8+ Kg7 45. Ra7 h5 46.
Ke1 Kf6 47. Kd2 Nd5 48. Ke2 Ne7 49. Kf3 Nf5 50. Kf4 Ng7 51. Ra6+ Ne6+ 52. Ke4
Ke7 53. Ra2 Kf6 54. Ra3 Ng5+ 55. Kd5 Ne6 56. Rf3+ Ke7 57. Ke5 Nc5 58. Ra3 Nd7+
59. Kf4 Kf6 60. Ra6+ Kg7 61. Rc6 Nf6 62. Rd6 Ne8 63. Rd8 Nf6 64. f3 Ng8 65. Rd5
Ne7 66. Rc5 f6 67. Ke4 Kf7 68. Ra5 Ke6 69. Ra6+ Kf7 70. Kd4 Nf5+ 71. Kc5 g5 72.
Ra2 h4 73. Kd5 Ne7+ 74. Ke4 Kg6 75. Ra6 Nf5 76. Rc6 Ng7 77. Ra6 Nh5 78. Rb6 Nf4
79. g3 hxg3 80. hxg3 Ne2 81. g4 Nf4 82. Rb2 Ne6 83. Kd5 Nf4+ 84. Kd6 f5 85. Rb5
fxg4 86. fxg4 Kf6 87. Rf5+ Kg6 88. Ke7 Nh5 89. Rf8 Nf4 90. Rg8+ Kh6 91. Kf6
Nd5+ 92. Kf7 Kh7 93. Rxg5 Nc7 94. Rh5# 1-0

[Event "4NCL Division 1 & 2"]
[Site "Daventry, ENG"]
[Date "2022.04.30"]
[Round "7.68"]
[White "Graham, Cassie M"]
[Black "Han, Yichen"]
[Result "1-0"]
[WhiteElo "1976"]
[BlackElo "2303"]
[PlyCount "91"]
[EventDate "2022.04.30"]
[WhiteTeam "Sussex Martlets 1"]
[BlackTeam "Chessable White Rose 1"]

1. e4 e5 2. Nf3 Nc6 3. Bc4 Nf6 4. d3 Be7 5. c3 O-O 6. Bb3 d5 7. Nbd2 Bc5 8. h3
a6 9. Qe2 Re8 10. g4 Ba7 11. Nf1 Na5 12. Bg5 Nxb3 13. axb3 c6 14. Ng3 h6 15.
Bh4 g5 16. Nxg5 hxg5 17. Bxg5 Qd6 18. Nf5 Bxf5 19. gxf5 Nh7 20. h4 Kh8 21.
O-O-O d4 22. Kc2 f6 23. Bh6 Rg8 24. Rhg1 dxc3 25. bxc3 Qc5 26. Be3 Qf8 27. Rg6
Qa3 28. Bc1 Qa2+ 29. Bb2 Qa5 30. Qh5 Qc5 31. Rd2 Qe7 32. f4 Be3 33. fxe5 Bxd2
34. exf6 Qf7 35. Kxd2 Rgd8 36. c4 Rd7 37. Qh6 Rg8 38. e5 Qf8 39. Qh5 Qc5 40. e6
Qf2+ 41. Kc1 Qe3+ 42. Kb1 Qe1+ 43. Bc1 Qb4 44. Rxg8+ Kxg8 45. Qg6+ Kh8 46. f7
1-0

[Event "4NCL Division 1 & 2"]
[Site "Daventry, ENG"]
[Date "2022.04.30"]
[Round "7.71"]
[White "Sarakauskas, Gediminas"]
[Black "Turner, Max N"]
[Result "1/2-1/2"]
[WhiteElo "2425"]
[BlackElo "2238"]
[PlyCount "85"]
[EventDate "2022.04.30"]
[WhiteTeam "Gonzaga"]
[BlackTeam "North East England"]

1. d4 Nf6 2. g3 d5 3. Bg2 c6 4. Nf3 Bf5 5. c4 e6 6. Nc3 Nbd7 7. O-O h6 8. Qb3
Qb6 9. c5 Qa6 10. Re1 b6 11. cxb6 Qxb6 12. Nd2 Qxd4 13. Qb7 Rb8 14. Qxc6 Ng4
15. e3 Qb6 16. Qxb6 Rxb6 17. e4 dxe4 18. Ndxe4 Be7 19. Na4 Rb8 20. Bf4 e5 21.
Bd2 O-O 22. Nec3 Ngf6 23. Be3 a5 24. Rad1 Bb4 25. Ba7 Bxc3 26. bxc3 Rbc8 27.
Rd6 Rc7 28. Ra6 Be6 29. Ra1 Bd5 30. Bxd5 Nxd5 31. Rxa5 Ra8 32. Rxd5 Raxa7 33.
Nb2 Rxc3 34. a4 e4 35. Nd1 Rc5 36. Ne3 Rxd5 37. Nxd5 Ra5 38. Nc3 f5 39. Rb1 Nc5
40. Rb5 Rxb5 41. axb5 Kf7 42. g4 f4 43. g5 1/2-1/2

[Event "4NCL Division 1 & 2"]
[Site "Daventry, ENG"]
[Date "2022.04.30"]
[Round "7.72"]
[White "Coathup, Roger H"]
[Black "Kanyamarala, Tarun"]
[Result "0-1"]
[WhiteElo "2180"]
[BlackElo "2403"]
[PlyCount "56"]
[EventDate "2022.04.30"]
[WhiteTeam "North East England"]
[BlackTeam "Gonzaga"]

1. d4 f5 2. e4 fxe4 3. Nc3 Nf6 4. Bg5 g6 5. Bxf6 exf6 6. Nxe4 d5 7. Ng3 Bd6 8.
Bd3 O-O 9. Qd2 Qe7+ 10. N1e2 f5 11. f4 Nd7 12. O-O Qh4 13. Rf3 Qh6 14. Nf1 Nf6
15. Ne3 Ng4 16. h3 Nf6 17. Re1 Bd7 18. c4 c6 19. cxd5 cxd5 20. Nxd5 Nxd5 21.
Bc4 Bc6 22. Nc3 Bb4 23. Qe3 Bxc3 24. bxc3 Rae8 25. Bxd5+ Bxd5 26. Qxe8 Rxe8 27.
Rxe8+ Kf7 28. Rfe3 Be4 0-1

[Event "4NCL Division 1 & 2"]
[Site "Daventry, ENG"]
[Date "2022.04.30"]
[Round "7.73"]
[White "Delaney, Killian"]
[Black "Taylor, Adam A"]
[Result "1-0"]
[WhiteElo "2296"]
[BlackElo "2275"]
[PlyCount "71"]
[EventDate "2022.04.30"]
[WhiteTeam "Gonzaga"]
[BlackTeam "North East England"]

1. c4 e6 2. Nf3 Nf6 3. g3 b6 4. Bg2 Bb7 5. O-O Be7 6. d4 O-O 7. Nc3 Ne4 8. d5
Nxc3 9. bxc3 Bf6 10. e4 d6 11. Nd4 e5 12. Nc2 Nd7 13. Ne3 g6 14. Qc2 Bg7 15. f4
exf4 16. gxf4 Qh4 17. Bd2 Rae8 18. Be1 Qe7 19. f5 Nc5 20. Ng4 Nxe4 21. f6 Qd7
22. fxg7 Kxg7 23. Nf2 Nc5 24. Bd2 f5 25. Nd3 Ba6 26. Nxc5 bxc5 27. Qd3 Qa4 28.
Qh3 Kg8 29. Bh6 Rf7 30. Rfe1 Rfe7 31. Rxe7 Rxe7 32. Qh4 Re8 33. Re1 Kf7 34. Bg5
Kg8 35. h3 Qd7 36. Re6 1-0

[Event "4NCL Division 1 & 2"]
[Site "Daventry, ENG"]
[Date "2022.04.30"]
[Round "7.74"]
[White "Dunn, Andrew"]
[Black "Wall, Gavin"]
[Result "0-1"]
[WhiteElo "2165"]
[BlackElo "2309"]
[PlyCount "78"]
[EventDate "2022.04.30"]
[WhiteTeam "North East England"]
[BlackTeam "Gonzaga"]

1. d4 f5 2. g3 Nf6 3. Bg2 g6 4. Nh3 Nc6 5. Nf4 d6 6. c3 e5 7. dxe5 dxe5 8.
Qxd8+ Nxd8 9. Nd3 Nf7 10. Be3 Ng4 11. Bc5 e4 12. Bxf8 Rxf8 13. Nb4 Be6 14. Nc2
O-O-O 15. h3 Nge5 16. Nd2 c5 17. b3 h5 18. O-O-O h4 19. c4 Nc6 20. Nb1 Nd4 21.
Nc3 hxg3 22. fxg3 a6 23. Kb2 Ne5 24. Ne3 b5 25. cxb5 axb5 26. Rd2 Rf7 27. Rc1
Rc7 28. Bf1 Rd6 29. Nc2 b4 30. Na4 Nb5 31. Rxd6 Nxd6 32. Ne3 c4 33. Nb6+ Kb7
34. Nbxc4 Ndxc4+ 35. bxc4 Bxc4 36. Rc2 Kb6 37. h4 Rc5 38. Bh3 Bxe2 39. Rd2 Nd3+
0-1

[Event "4NCL Division 1 & 2"]
[Site "Daventry, ENG"]
[Date "2022.04.30"]
[Round "7.76"]
[White "Henderson, David"]
[Black "Kanyamarala, Trisha"]
[Result "1-0"]
[WhiteElo "2142"]
[BlackElo "2198"]
[PlyCount "169"]
[EventDate "2022.04.30"]
[WhiteTeam "North East England"]
[BlackTeam "Gonzaga"]

1. c4 e5 2. g3 Nc6 3. Bg2 f5 4. Nc3 Nf6 5. Nf3 d6 6. d3 Be7 7. O-O O-O 8. Nd5
Kh8 9. e3 Nb8 10. Qc2 Nxd5 11. cxd5 c6 12. Ne1 Bd7 13. Bd2 Qb6 14. Bc3 f4 15.
Qe2 fxe3 16. Qxe3 Qd8 17. d4 Bg5 18. Qe2 exd4 19. Bxd4 cxd5 20. Bxd5 Bc6 21.
Bg2 Nd7 22. Bxc6 bxc6 23. Rd1 Bf6 24. Bxf6 Qxf6 25. Nd3 Nb6 26. Rfe1 d5 27. Nc5
h6 28. b3 Rae8 29. Qd2 Qf3 30. Nd3 Nd7 31. Nf4 Qg4 32. h3 Qf5 33. Qd3 Qxd3 34.
Nxd3 Kg8 35. Rc1 Rxe1+ 36. Rxe1 Kf7 37. Kf1 Rc8 38. Re2 c5 39. Ne5+ Nxe5 40.
Rxe5 Rd8 41. Ke2 Rd6 42. Kd3 a5 43. Kc3 Rd8 44. Kd3 a4 45. bxa4 Ra8 46. Rxd5
Rxa4 47. Rxc5 Rxa2 48. Rc2 Ra3+ 49. Ke4 Ra4+ 50. Kf3 Ra3+ 51. Kg4 Ra4+ 52. Kh5
Ra5+ 53. Kh4 Ra4+ 54. g4 Ra3 55. f4 g5+ 56. fxg5 hxg5+ 57. Kxg5 Rxh3 58. Rc7+
Kf8 59. Kg6 Ra3 60. Rc6 Rg3 61. g5 Rg1 62. Ra6 Rg2 63. Ra8+ Ke7 64. Kh6 Kf7 65.
Ra7+ Kg8 66. Kg6 Kf8 67. Ra5 Rg1 68. Ra8+ Ke7 69. Rg8 Rg2 70. Kh7 Kf7 71. g6+
Kf6 72. Rf8+ Ke7 73. Rf3 Rh2+ 74. Kg7 Rg2 75. Re3+ Kd7 76. Kf7 Rf2+ 77. Kg8 Rg2
78. g7 Kd6 79. Rh3 Ke6 80. Kh7 Kf7 81. Rf3+ Ke7 82. g8=Q Rh2+ 83. Kg6 Rg2+ 84.
Kh7 Rh2+ 85. Kg7 1-0